What Company Has A Bigger Revenue - Statistics

General Stats
  • This quiz has been taken 20 times
  • The average score is 6 of 10
Answer Stats
Question Answer % Correct
Alphabet or Apple Apple
79%
General Motors or Ford Motor Company Ford Motor Company
74%
Berkshire Hathaway or CVS Health Berkshire Hathaway
63%
Foxconn or Costco Costco
63%
Mercedes-Benz Group or Bank of America Bank of America
58%
Microsoft or NVIDIA Microsoft
58%
Walmart or Amazon Walmart
58%
BP or Volkswagen Group BP
47%
Toyota or Shell Shell
42%
Bank of China or Cargill Cargill
21%
No matching quizzes found
Score Distribution
Percent of People with Each Score
Percentile by Number Answered
Your Score History
You have not taken this quiz